00952nam a2200241Ia 4500003000400000005001700004008004100021020001800062040001800080041000800098082002200106100003200128245006600160250003200226260005000258300002900308650004800337650003900385650005100424942003500475999001900510952018100529OSt20230713142641.0210716s2012 xx 000 0 und d a9780199599202 cAIMIT LIBRARY aeng a004.694 21bREYJ aReynolds, Jonathan.9126691 aE-business: bmanagement perspective /cBy Jonathan Reynolds. a1st ed.bSouth Asia Edition aNew Delhi :bOxford University Press ,c2012. axxiv,469p. ;bPBc24 cm. aChanging environment for e-business9126692 aOrganization of e-business9126693 aApplication of e-business technologies9126694 2ddccBKe1st ed.k004.694 REYJ c195665d195665 00102ddc40708MCAaAIMITbAIMITd2017-03-01eKnowledge Worldg395.00iBill no:318; Bill dt:2017-02-10l0o004.694 REYJpMCA15176r2025-07-21 00:00:00v296.25w2021-07-16yBK